| 000 | 00695nam a2200217Ia 4500 | ||
|---|---|---|---|
| 999 |
_c49675 _d49675 |
||
| 001 | 16608 | ||
| 003 | GE_BSU | ||
| 005 | 20221114115511.0 | ||
| 008 | 181216s2012||||en |||||||||||||| ||eng|| | ||
| 020 | _a9781462503902x | ||
| 040 | _cGE_BSU | ||
| 080 | _a159.922.6 S-58 | ||
| 100 |
_aSiegel, Daniel J. _96636 |
||
| 245 | 4 |
_aThe developing mind:how relationships and the brain interact to shape who we are / _cDaniel J. Siege. |
|
| 250 | _a2nd ed. | ||
| 264 |
_aNew York : _bGuilford Press, _c2012. |
||
| 300 |
_axviii, 506 p, _bill .: _c24 cm. |
||
| 653 | _aგანვითარების ფსიქოლოგია. | ||
| 653 | _aფსიქოლოგია | ||
| 942 |
_cBK _2udc |
||